Statistics for Guess 15 nba teams by player

Click here to take the quiz!

General Stats

  • This quiz has been taken 1,001 times
  • The average score is 11 of 15

Answer Stats

PlayerTeams% Correct
Deangelo russellLakers
98%
Stephen curryWarriors
92%
tony parkerspurs
87%
Dirk nowitzkiMavericks
86%
Kamba walkerHornets
85%
Carmelo AnthonyKnicks
85%
john wallWizards
85%
derozanraptors
84%
chris paulclippers
82%
demarcus cousinskings
81%
Paul millsapHawks
73%
kenneth farriednuggets
73%
Derrick favorsJazz
64%
Jahlil okhafor76ers
57%
Lebron jamesCaviliers
9%

Score Distribution

Percentile by Number Answered

Percent of People with Each Score

Your Score History

You have not taken this quiz